000 00963nam a22003017a 4500
003 CHAP
005 20220329134422.0
008 971013s1976 r 00010 d
010 _a20222
011 _a21194
035 _a25283
040 _cCHAP
082 _a637.3
_bD5Y
100 0 0 _aDilanjan, Sawen Christoforowitsch.
_932582
245 _aFundamentos de la elaboración del queso
260 _aZaragoza :
_bAcribia,
_c1976
300 _a127 p.
_b: ilus.
590 _aBATCH-UPD
_b10
_c20130110
_lUCH01
_h2002
590 _aBATCH-UPD
_b10
_c20130410
_lUCH01
_h1322
590 _aBATCH-UPD
_b10
_c20130914
_lUCH01
_h1941
590 _aCONVERSION
_b10
_c20130109
_lUCH01
_h1312
650 1 4 _aProductos lácteos
_xProcesado.
_992149
650 1 4 _aQueso
_xProcesado.
_993233
901 _aBK
942 _cLIBRO
949 _a637.3 D5Y
_bBC
_cLIBRO
_d-58258
_eLIBRO
_fc.2
_h48231
_i25283
_si
949 _a637.3 D5Y
_bBC
_cLIBRO
_d33724000094140
_eLIBRO
_fc.3
_h50202
_i25283
_si
999 _c20222
_d20222